| 000 | 00770nam a22002417a 4500 | ||
|---|---|---|---|
| 001 | 1923465 | ||
| 003 | AM-YEHGA | ||
| 005 | 20250617164725.0 | ||
| 008 | 231004s1993 bw a|||gr|||||||||1|rus|d | ||
| 020 | _a9854130010 | ||
| 040 | _aAM-YeHGA | ||
| 041 | 1 |
_arus _hger |
|
| 100 | 1 | _aГессе, Герман | |
| 245 | 1 | 0 |
_aКраткое жизнеописание ; _bСиддхартха ; Нарцисс и Гольдмунд : Пер. с нем. / _cГерман Гессе. |
| 246 | 1 | 4 | _aСиддхартха |
| 260 |
_aМинск : _bМога-Н, _c1993. |
||
| 300 | _a352 с. | ||
| 650 | 1 | 4 | _aНемецкая литература |
| 740 | 0 | 2 | _aСиддхартха |
| 740 | 0 | 2 | _aНарцисс и Гольдмунд |
| 942 |
_2udc _cBK |
||
| 090 | _c566985 | ||
| 999 |
_c528725 _d528725 |
||